000 00223nam a2200109Ia 4500
100 _aSubbarayappa B.V
942 _cBK
245 _aScience in India
260 _bPopular Prakashan
_c2007
546 _aENGLISH
999 _c20307
_d20307